1614 1651 1329 1477 1591 1285 1154 1673 1796 1328 1086 1193 1432 1572 1440 1613 1418 1065 1920 1826 1514 1784 1671 1979 1063 1996 1814 1368 1140 1103 1592 1636 1982 1757 1242 1411 1694 1424 1652 1831 1709 1865 1013 1768 1173 1736 1588 1774 1071 1470 1113 1070 1076 1171 1897 1444 1828 1128 1542 1996 1767 1479 1102 1924 1785 1488 1275 1706 1052 1079 1880 1556 1833 1549 1580 1088 1276 1702 1821 1552 1019 1504 1598 1646 1086 1599 1248 1674 1839 1455 1768 1766 1111 1423 1093 1537 1014 1407 1250 BCNSPRNW ULIB Ver.6.0+V

เปลี่ยนเป็นภาษาไทย

Change to English
 แสดงรายละเอียดบรรณานุกรม
  กลับหน้าหลัก

Brief Record : Get Marc (ISO 2709) : E-mail record : QR code < ปิดหน้าต่าง
LEADER : 00000nam 2200000uu 4500
001    13399111882
003     ULIB
008    110627s2552||||th 000 0 tha d
020    9789744752192
090    นว.^bด969ค 2552
100 0  โดโรธี ฮาวเวล
245 00 คุณหนูยอดนักสืบ/^cโดโรธี ฮาวเวล
250    พิมพ์ครั้งที่ 1
260    กรุงเทพฯ :^bแพรวสำนักพิมพ์,^c2552
300    308 หน้า
945    ^p225^l0^i026027
995    ทศพร
999 ^a ใช้งานได้ทุกระบบ
รายการนี้ยังไม่มีแท็ก
คุณยังไม่ได้ล็อกอิน คุณสามารถมีกิจกรรมร่วมกับเว็บไซต์ได้ แต่ต้องล็อกอินก่อน ::
  ล็อกอิน

รายการสื่อสารสนเทศ

ลำดับที่ ประเภท เลขเรียก/บาร์โค้ด สถานที่ สถานะ
- ไม่พบข้อมูล -

BibComment


ยังไม่เคยถูกคอมเมนท์

คอมเมนท์ทรัพยากรรายการนี้
  คอมเมนท์: คุณหนูยอดนักสืบ โ..


 Copyright 2026. Bcnsprnw @Library